| 000 | 00631nam a2200157Ia 4500 | ||
|---|---|---|---|
| 008 | 081213s9999 xx 000 0 und d | ||
| 050 |
_aBX8935 _b.C66 1981 |
||
| 245 |
_aCongregational life-style change for the lean years _cedited by Dieter T. Hessel |
||
| 260 |
_c1981 _aNew York _bUnited presbyterain Program Agency |
||
| 300 |
_bill.; _axxii, 233 p. ; _c21 cm. |
||
| 500 | _aIncludes appendix | ||
| 650 |
_bPresbyterian church _xLifestyle |
||
| 700 | _cGeorge M. Wilson | ||
| 942 |
_cBK _2lcc |
||
| 999 |
_c3515 _d3515 |
||